Das Sparkassenwesen in Deutschland

Salvato in:
Dettagli Bibliografici
Natura: Libro
Lingua:tedesco
Pubblicazione: Berlin Otto Janke 1864
Tags: Aggiungi Tag
Nessun Tag, puoi essere il primo ad aggiungerne!!

MARC

LEADER 00000nam a2200000 4500
001 0302977
005 20240708091118.7
041 0 |a ger 
044 |a DE 
245 1 0 |a Das Sparkassenwesen in Deutschland 
264 1 |a Berlin  |b Otto Janke  |c 1864